Länder mit Landmasse unter dem Meeresspiegel - Statistiken

Allgemein
  • Dieses Quiz wurde 323 mal gespielt
  • Das Durchschnittsergebnis liegt bei 16 aus 33
Antwortstatistiken
Höhe Länder % Korrekt
-7 m Niederlande
91%
-86 m Vereinigte Staaten
87%
-28 m Russland
83%
-3.54 m Deutschland
79%
-154 m China
77%
-7 m Dänemark
69%
-15 m Australien
68%
-2 m Frankreich
66%
-10 m Mexiko
64%
-4 m Japan
62%
-408 m Israel
59%
-133 m Ägypten
58%
-2.41 m Schweden
56%
-408 m Jordanien
51%
-4 m Vereinigtes Königreich
51%
-2 m Polen
50%
-28 m Iran
49%
-40 m Algerien
47%
-105 m Argentinien
47%
-55 m Marokko
46%
-200 m Syrien
46%
-47 m Libyen
45%
-17 m Tunesien
42%
-132 m Kasachstan
39%
-81m Turkmenistan
33%
-12 m Usbekistan
31%
-5 m Mauretanien
28%
-125 m Äthiopien
23%
-28 m Aserbaidschan
20%
-75 m Eritrea
18%
-155 m Dschibuti
14%
-2 m Suriname
8%
-46 m Dominikanische Republik
4%
Keine übereinstimmenden Quizze gefunden
Verteilung der Resultate
Anzahl Personen mit jedem Resultat
Perzentil nach korrekt beantworteten Fragen
Ihre Resultats-Entwicklung
Sie haben dieses Quiz noch nicht gespielt